00423nam a2200157Ia 4500008004100000100001900041245004900060260001200109260001100121260000900132300000700141650001400148942000900162999001500171952007900186160118s9999 xx 000 0 und d aVithanage T.G. aProduction of Biodiesel from Rubber Seed Oil aColombo bIchemc c2011 a33 aBiodiesel cbook c3041d3041 0010708NFICaICbICcGENd2016-01-18l0pD0098r2016-01-18 00:00:00yDIS